|
|
|
|
| LEADER |
00000nam a2200000 i 4500 |
| 001 |
IT\ICCU\TSA\1570882 |
| 003 |
ItRI |
| 005 |
20260220160331.0 |
| 008 |
190605s2018 it |||||| ||||| |||||c |
| 015 |
|
|
|2 IT
|a 2019-7129
|
| 020 |
|
|
|a 9788899318123
|
| 040 |
|
|
|b ita
|c Arcigay Genova
|
| 041 |
|
7 |
|a ita
|2 ISO-639-2
|
| 082 |
|
|
|a 362.785
|2 23
|
| 100 |
1 |
|
|a Nealy, Elijah C.
|0 IT\ICCU\TSAV\639040
|
| 240 |
1 |
0 |
|a Transgender children and youth
|9 Nealy, Elijah C.
|
| 245 |
1 |
0 |
|a Bambini e adolescenti transgender :
|b coltivare orgoglio e gioia nelle famiglie in transizione : una guida per professionisti e genitori /
|c Elijah C. Nealy ; edizione italiana a cura di Antonio Prunas ; appendice A di Annalisa Anzani e Antonio Prunas ; appendice B di Roberta Dameno.
|
| 260 |
|
|
|a Roma :
|b Fioriti,
|c 2018
|
| 300 |
|
|
|a VIII, 333 p. ;
|c 24 cm
|
| 500 |
|
|
|a Traduzione di A. Anzani, A. Prunas
|
| 650 |
|
7 |
|a Adolescenti transgender [e] Bambini transgender
|x Assistenza
|2 nsbncf
|
| 700 |
1 |
|
|a Prunas, Antonio,
|d (1977- )
|0 IT\ICCU\CFIV\267157
|
| 700 |
1 |
|
|a Dameno, Roberta
|0 IT\ICCU\MILV\032979
|
| 700 |
1 |
|
|a Anzani, Annalisa
|0 IT\ICCU\TSAV\639041
|
| 830 |
|
0 |
|a Naviganti
|0 IT\ICCU\RML\0369425
|
| 942 |
|
|
|2 ddc
|c BK
|
| 952 |
|
|
|0 0
|1 0
|2 ddc
|4 0
|6 362_785000000000000_NEA_BAM
|7 1
|9 2753
|a GE
|b GE
|d 2025-01-02
|l 0
|o 362.785 NEA BAM
|p 1413
|r 2025-01-02 22:07:54
|w 2025-01-02
|y BK
|
| 952 |
|
|
|0 0
|1 0
|4 0
|6 T_306_768000000000000_NEA
|7 0
|9 21779
|a BO
|b BO
|d 2026-01-15
|i 19546
|l 0
|o T 306.768 NEA
|p BO19546
|r 2026-01-15 23:22:09
|w 2026-01-15
|x [Sebina 5] [1 v.]
|y BK
|z 1 v.
|
| 999 |
|
|
|c 2375
|d 2375
|